000 01512cam a2200361 i 4500
001 2947
003 FISKH
005 20240125083000.0
008 140318s2014 mau b 001 0 eng
010 _a 2014010674
020 _a9781857886160 (pbk.)
020 _z9781857889178 (ebook)
040 _aDLC
_beng
_cDLC
_erda
_dDLC
042 _apcc
043 _ae-uk-en
050 0 0 _aDA566.4
_b.F67 2014
082 0 0 _a390.0941
_223
100 1 _aFox, Kate.
245 1 0 _aWatching the English :
_bthe hidden rules of English behavior /
_cKate Fox.
264 1 _aLondon :
_bHodder & Stoughton,
_c2014
300 _a583 pages ;
_c20 cm
336 _atext
_2rdacontent
337 _aunmediated
_2rdamedia
338 _avolume
_2rdacarrier
500 _aPublished in Great Britain in 2014 by Hodder & Stoughton, a division of Hodder Headline.
504 _aIncludes bibliographical references (pages 569-570) and index.
520 _aWatching the English: The Hidden Rules of English Behaviour is a 2004 international bestseller by Kate Fox, a leading social anthropologist.[1][2] The book examines "typical" English behaviour. The book was first published in 2004, and updated in 2014.
650 0 _aNational characteristics, English.
651 0 _aEngland
_xSocial life and customs
_y21st century.
856 _yhttps://www.telegraph.co.uk/culture/books/10779447/The-more-the-English-change-the-more-we-stay-the-same.html
906 _a7
_bcbc
_corignew
_d1
_eecip
_f20
_gy-gencatlg
942 _2ddc
_cBK
_n0
999 _c2947
_d2947